| 000 | 00529nam a22002057a 4500 | ||
|---|---|---|---|
| 003 | OSt | ||
| 005 | 20241002115351.0 | ||
| 008 | 241002b |||||||| |||| 00| 0 eng d | ||
| 020 | _a9789388818698 | ||
| 040 | _cDDC | ||
| 082 | _a620. BHA 2020 | ||
| 100 |
_aBhavikatti S. S. _916193 |
||
| 245 | _aEngineering Mechanics. | ||
| 250 | _a4th ed. | ||
| 260 | _aLondon; New Age International, 2020 | ||
| 300 | _axii,420p; ill: 24cm | ||
| 504 | _aAnswers included | ||
| 650 |
_aEngineering mechanics _912294 |
||
| 942 |
_2ddc _cB_BANK |
||
| 999 |
_c9433 _d9433 |
||